00765nam a2200217 i 4500001001900000003000400019005001700023008004100040015001600081017004500097020001800142040002800160080002900188080003600217100002200253245010800275264003600383300008000419500001700499650003100516991061051375406706OSt20240102113718.0231121e202310 spca||| |||| 0|0 0 cat|  aLL20232bnc aDL B 16406-2023bBiblioteca de Catalunya a9788411730204 aES-BaBCbcaterdacCDMR a929Vilalta, Marina22004 a636.083.5x-051x(460.23)220041 aOrriols, Abraham,14aUna Vida a les muntanyes :bla pastora Marina Vilalta, un segle arrelada a la terra /cAbraham Orriols  1aBarcelona :bAra Llibres,c2023 a186 pàgines, 8 pàgines no numerades:bil·lustracions en color ;c22 cm aAl llom: 537 7aPastorszCatalunya.2lemac